[Event "Gibtelecom Masters 2nd"]
[Site "Gibraltar"]
[Date "2004.01.31"]
[Round "5.20"]
[White "Poluljahov, Aleks"]
[Black "Swathi, Ghate"]
[Result "0-1"]
[WhiteElo "2526"]
[BlackElo "2297"]
[PlyCount "78"]
[EventDate "2004.01.27"]
[EventType "swiss"]
[EventRounds "10"]
[EventCountry "GGB"]
[SourceTitle "BritBase"]
[Source "www.saund.co.uk"]
[SourceDate "2018.02.10"]
[SourceVersion "1"]
[SourceVersionDate "2018.02.10"]
[SourceQuality "1"]

1. e4 c5 2. Nf3 e6 3. d3 Nc6 4. g3 g6 5. Bg5 Qc7 6. Bg2 Bg7 7. c3 Nge7 8. O-O
O-O 9. Na3 a6 10. d4 cxd4 11. cxd4 d5 12. e5 h6 13. Bd2 Bd7 14. Nc2 Qb6 15. Bc3
Na5 16. b3 Rfc8 17. Bb4 Nec6 18. Ba3 Na7 19. Qd2 Qd8 20. Ne3 Nb5 21. Bb2 h5 22.
Ne1 Bf8 23. f4 Nc6 24. a4 Bb4 25. Qd3 Nbxd4 26. g4 Qb6 27. Kh1 hxg4 28. Nxg4
Be7 29. f5 exf5 30. Nf6+ Bxf6 31. exf6 Ne6 32. Nf3 d4 33. Nh4 Nb4 34. Qd2 f4
35. a5 Qb5 36. Bxd4 Rc2 37. Qd1 Qg5 38. Bg1 Bb5 39. Re1 Rd8 0-1

[Event "Gibtelecom Masters 2nd"]
[Site "Gibraltar"]
[Date "2004.01.31"]
[Round "5.22"]
[White "Nadig, Kruttika"]
[Black "Cramling, Pia"]
[Result "0-1"]
[WhiteElo "2159"]
[BlackElo "2488"]
[PlyCount "90"]
[EventDate "2004.01.27"]
[EventType "swiss"]
[EventRounds "10"]
[EventCountry "GGB"]
[SourceTitle "BritBase"]
[Source "www.saund.co.uk"]
[SourceDate "2018.02.10"]
[SourceVersion "1"]
[SourceVersionDate "2018.02.10"]
[SourceQuality "1"]

1. e4 c5 2. Nf3 e6 3. d4 cxd4 4. Nxd4 a6 5. Nc3 b5 6. Bd3 Bb7 7. O-O d6 8. Qe2
Nf6 9. Kh1 Be7 10. f4 O-O 11. Nd1 Nbd7 12. Nf2 Nc5 13. Bd2 Rc8 14. Rae1 Qb6 15.
Be3 Qc7 16. Bc1 Rfd8 17. c3 Nxd3 18. Qxd3 Qc4 19. Qg3 Bxe4 20. f5 Bxf5 21. Nxf5
exf5 22. Qf3 Re8 23. Qxf5 Bf8 24. Nd3 Re6 25. Nf4 Rxe1 26. Rxe1 Re8 27. Rd1
Qxa2 28. h3 Qc4 29. Kh2 Re5 30. Qc2 d5 31. Qd3 Qc7 32. Kh1 Bc5 33. Qf3 h6 34.
Nd3 Re6 35. Nf4 Re5 36. Nd3 Re8 37. Nxc5 Qxc5 38. Bxh6 Re6 39. Bf4 Ne4 40. Rd4
a5 41. Qh5 g5 42. Kh2 gxf4 43. Rxd5 Qc7 44. Qh4 f3+ 45. g3 Nf6 0-1

[Event "Gibtelecom Masters 2nd"]
[Site "Gibraltar"]
[Date "2004.01.31"]
[Round "5.25"]
[White "Contin, Daniel"]
[Black "Eckhardt, Lars"]
[Result "0-1"]
[WhiteElo "2394"]
[BlackElo "2096"]
[PlyCount "66"]
[EventDate "2004.01.27"]
[EventType "swiss"]
[EventRounds "10"]
[EventCountry "GGB"]
[SourceTitle "BritBase"]
[Source "www.saund.co.uk"]
[SourceDate "2018.02.10"]
[SourceVersion "1"]
[SourceVersionDate "2018.02.10"]
[SourceQuality "1"]

1. c4 Nf6 2. Nc3 e5 3. Nf3 Nc6 4. g3 d5 5. cxd5 Nxd5 6. Bg2 Be7 7. O-O Be6 8.
d4 exd4 9. Nb5 Nb6 10. Bf4 Rc8 11. Nfxd4 Nxd4 12. Nxd4 Bd5 13. Bh3 g5 14. Be5
f6 15. e4 Bf7 16. Bxf6 Bxf6 17. e5 Be7 18. Bxc8 Qxc8 19. e6 Bxe6 20. Re1 Bf7
21. Qe2 Nd5 22. Qe5 O-O 23. Nf5 Bf6 24. Nh6+ Kg7 25. Nxf7 Bxe5 26. Rxe5 c6 27.
Nxg5 Re8 28. Rae1 Rxe5 29. Rxe5 Qg4 30. h4 h6 31. Ne4 Qd1+ 32. Kh2 Qd4 33. Rf5
Qxe4 0-1

[Event "Gibtelecom Masters 2nd"]
[Site "Gibraltar"]
[Date "2004.01.31"]
[Round "5.26"]
[White "Hagesaether, Arne"]
[Black "Vasilevich, Tatjana"]
[Result "0-1"]
[WhiteElo "2058"]
[BlackElo "2393"]
[PlyCount "74"]
[EventDate "2004.01.27"]
[EventType "swiss"]
[EventRounds "10"]
[EventCountry "GGB"]
[SourceTitle "BritBase"]
[Source "www.saund.co.uk"]
[SourceDate "2018.02.10"]
[SourceVersion "1"]
[SourceVersionDate "2018.02.10"]
[SourceQuality "1"]

1. e4 c5 2. Nf3 e6 3. d4 cxd4 4. Nxd4 a6 5. Nc3 Qc7 6. Bd3 b5 7. O-O Bb7 8. Re1
Nc6 9. Nxc6 dxc6 10. a4 Bd6 11. h3 Nf6 12. Qe2 e5 13. Bg5 Nd7 14. Red1 b4 15.
Nb1 Nc5 16. Bc4 O-O 17. Nd2 Rfe8 18. Qg4 Bc8 19. Qg3 Kh8 20. Be3 Ne6 21. Qf3 a5
22. Nf1 Bf8 23. Rd3 Nf4 24. Bxf4 exf4 25. e5 Bf5 26. Rd4 Qxe5 27. Rxf4 Be4 28.
Qg4 f5 29. Qg3 Bd6 30. Rh4 Qf6 31. f4 Be7 32. Rh5 g6 33. Rg5 Qd4+ 34. Ne3 Bxg5
35. Rd1 Qc5 36. Qxg5 Qxe3+ 37. Kh2 Qa7 0-1

[Event "Gibtelecom Masters 2nd"]
[Site "Gibraltar"]
[Date "2004.01.31"]
[Round "5.27"]
[White "McNab, Colin"]
[Black "Fossum, Oystein Boyum"]
[Result "1-0"]
[WhiteElo "2388"]
[BlackElo "2126"]
[PlyCount "77"]
[EventDate "2004.01.27"]
[EventType "swiss"]
[EventRounds "10"]
[EventCountry "GGB"]
[SourceTitle "BritBase"]
[Source "www.saund.co.uk"]
[SourceDate "2018.02.10"]
[SourceVersion "1"]
[SourceVersionDate "2018.02.10"]
[SourceQuality "1"]

1. c4 c5 2. Nf3 g6 3. g3 Bg7 4. Bg2 Nc6 5. Nc3 Nf6 6. d3 O-O 7. Bg5 h6 8. Bd2
e6 9. Qc1 Kh7 10. h4 d5 11. h5 gxh5 12. g4 Nxg4 13. cxd5 Nd4 14. Rxh5 f5 15.
Rh1 Qe8 16. Ng5+ Kg6 17. Nh3 e5 18. e3 Bd7 19. exd4 cxd4 20. Ne4 fxe4 21. Bxe4+
Kf7 22. Rg1 Kg8 23. Bxh6 Qh5 24. Bxg7 Kxg7 25. Qg5+ Qxg5 26. Nxg5 Kh6 27. Nf3
Rf7 28. Rc1 Rc8 29. Rxc8 Bxc8 30. Rh1+ Kg7 31. Rh5 Re7 32. d6 Rf7 33. Nxe5 Nxe5
34. Rxe5 Kf6 35. Rd5 Be6 36. Rxd4 Ke5 37. d7 Bxd7 38. Rd5+ Kf4 39. Ra5 1-0

[Event "Gibtelecom Masters 2nd"]
[Site "Gibraltar"]
[Date "2004.01.31"]
[Round "5.28"]
[White "Vinas Guerrero, Carlos A"]
[Black "Shaw, John K"]
[Result "0-1"]
[WhiteElo "2098"]
[BlackElo "2465"]
[PlyCount "58"]
[EventDate "2004.01.27"]
[EventType "swiss"]
[EventRounds "10"]
[EventCountry "GGB"]
[SourceTitle "BritBase"]
[Source "www.saund.co.uk"]
[SourceDate "2018.02.10"]
[SourceVersion "1"]
[SourceVersionDate "2018.02.10"]
[SourceQuality "1"]

1. e4 c5 2. Nc3 Nc6 3. f4 g6 4. Nf3 Bg7 5. Bc4 e6 6. f5 Nge7 7. fxe6 fxe6 8. d3
d5 9. Bb3 b5 10. exd5 exd5 11. O-O c4 12. dxc4 dxc4 13. Qxd8+ Nxd8 14. Nxb5
cxb3 15. Nc7+ Kd7 16. Nxa8 bxc2 17. Rf2 Nd5 18. Rxc2 Ne6 19. Bd2 Bb7 20. Rd1
Rxa8 21. Ba5 Rf8 22. Rcd2 Rf5 23. Nh4 Rh5 24. Nf3 Bh6 25. Re2 Bf4 26. Bc3 Ng5
27. Ne5+ Kc8 28. h3 Nxc3 29. bxc3 Bxe5 0-1

[Event "Gibtelecom Masters 2nd"]
[Site "Gibraltar"]
[Date "2004.01.31"]
[Round "5.29"]
[White "Mohota, Nisha"]
[Black "Milligan, Helen"]
[Result "1-0"]
[WhiteElo "2337"]
[BlackElo "2076"]
[PlyCount "81"]
[EventDate "2004.01.27"]
[EventType "swiss"]
[EventRounds "10"]
[EventCountry "GGB"]
[SourceTitle "BritBase"]
[Source "www.saund.co.uk"]
[SourceDate "2018.02.10"]
[SourceVersion "1"]
[SourceVersionDate "2018.02.10"]
[SourceQuality "1"]

1. d4 Nf6 2. c4 e6 3. Nc3 Bb4 4. e3 b6 5. Nge2 Ba6 6. a3 Bxc3+ 7. Nxc3 d5 8. b3
O-O 9. Be2 dxc4 10. bxc4 Nc6 11. a4 Na5 12. Nb5 c6 13. Na3 Qd7 14. Bd2 Nb7 15.
Qc2 c5 16. Bc3 Rac8 17. O-O cxd4 18. Bxd4 Nc5 19. Nb5 Qe7 20. Qb2 Rfd8 21. a5
Bxb5 22. cxb5 Ne8 23. Ra2 f6 24. f4 Nd6 25. axb6 axb6 26. Rfa1 Nde4 27. Ra7 Rd7
28. Qa2 Rcc7 29. Ra8+ Rd8 30. f5 Rcc8 31. Rxc8 Rxc8 32. fxe6 Kf8 33. Bf3 Qd6
34. Rd1 Qc7 35. Qd5 Ng5 36. Bg4 Ke7 37. h4 Ngxe6 38. Bxc5+ Nxc5 39. Bxc8 Qxc8
40. Qd6+ Kf7 41. Qxb6 1-0

[Event "Gibtelecom Masters 2nd"]
[Site "Gibraltar"]
[Date "2004.01.31"]
[Round "5.30"]
[White "Bolt, Graham"]
[Black "Upton, Timothy"]
[Result "1-0"]
[WhiteElo "2095"]
[BlackElo "2285"]
[PlyCount "80"]
[EventDate "2004.01.27"]
[EventType "swiss"]
[EventRounds "10"]
[EventCountry "GGB"]
[SourceTitle "BritBase"]
[Source "www.saund.co.uk"]
[SourceDate "2018.02.10"]
[SourceVersion "1"]
[SourceVersionDate "2018.02.10"]
[SourceQuality "1"]

1. e4 e5 2. Nf3 Nc6 3. d4 exd4 4. Nxd4 Nge7 5. Be3 Nxd4 6. Qxd4 Nc6 7. Qd2 Bb4
8. c3 Be7 9. Be2 O-O 10. O-O d6 11. c4 f5 12. Nc3 fxe4 13. Nxe4 Bf5 14. Nc3 Qd7
15. Rad1 Rae8 16. Bh5 Rd8 17. Nd5 Ra8 18. Nxe7+ Nxe7 19. Bf3 Nc6 20. c5 Bg4 21.
Bxg4 Qxg4 22. Qd5+ Kh8 23. cxd6 cxd6 24. f3 Qb4 25. Qxd6 Qxb2 26. Rb1 Qxa2 27.
Rxb7 Rf6 28. Qc5 Rg6 29. Bf2 Re8 30. f4 a6 31. Rc7 Nd8 32. Rc8 Qf7 33. f5 Rg4
34. Rd1 Nb7 35. Rxe8+ Qxe8 36. Qb6 Rxg2+ 37. Kxg2 Qe4+ 38. Kf1 h5 39. Rd4 Qf3
40. Qxa6 g5 1-0

[Event "Gibtelecom Masters 2nd"]
[Site "Gibraltar"]
[Date "2004.01.31"]
[Round "5.31"]
[White "Roberts, Paul"]
[Black "Heyl, Thomas"]
[Result "1/2-1/2"]
[WhiteElo "2242"]
[BlackElo "2059"]
[PlyCount "70"]
[EventDate "2004.01.27"]
[EventType "swiss"]
[EventRounds "10"]
[EventCountry "GGB"]
[SourceTitle "BritBase"]
[Source "www.saund.co.uk"]
[SourceDate "2018.02.10"]
[SourceVersion "1"]
[SourceVersionDate "2018.02.10"]
[SourceQuality "1"]

1. Nc3 d5 2. e4 dxe4 3. Nxe4 g6 4. Nf3 Bg7 5. Bc4 Nf6 6. Nxf6+ Bxf6 7. d4 Nc6
8. c3 O-O 9. O-O Bg4 10. Re1 Bxf3 11. Qxf3 e6 12. Bf4 Bg5 13. Bg3 Bh4 14. Rad1
Bxg3 15. hxg3 Na5 16. b3 Nxc4 17. bxc4 c6 18. Rb1 Rb8 19. Re5 Kg7 20. g4 Qf6
21. Qe3 h6 22. f4 Qh4 23. Qf3 Qf6 24. Rf1 b5 25. c5 b4 26. c4 Rbd8 27. Rd1 a5
28. g3 g5 29. Qe3 gxf4 30. gxf4 Qh4 31. Rd2 Rg8 32. Rh2 Qf6 33. Rg2 Kf8 34. Qe4
a4 35. Qe3 b3 1/2-1/2

[Event "Gibtelecom Masters 2nd"]
[Site "Gibraltar"]
[Date "2004.02.01"]
[Round "6.1"]
[White "Short, Nigel D"]
[Black "Ganguly, Surya Shekhar"]
[Result "1-0"]
[WhiteElo "2702"]
[BlackElo "2541"]
[PlyCount "69"]
[EventDate "2004.01.27"]
[EventType "swiss"]
[EventRounds "10"]
[EventCountry "GGB"]
[SourceTitle "BritBase"]
[Source "www.saund.co.uk"]
[SourceDate "2018.02.10"]
[SourceVersion "1"]
[SourceVersionDate "2018.02.10"]
[SourceQuality "1"]

1. e4 e5 2. Nf3 Nc6 3. Bb5 a6 4. Ba4 Nf6 5. O-O b5 6. Bb3 Bc5 7. a4 Rb8 8. c3
d6 9. d4 Bb6 10. Na3 O-O 11. axb5 axb5 12. Nxb5 exd4 13. cxd4 Bg4 14. Ra4 Qe8
15. Bc2 Nxe4 16. h3 Bh5 17. g4 Bg6 18. Nh4 Nf6 19. Nxg6 hxg6 20. Nc3 Qd7 21.
Kg2 Ra8 22. g5 Nh5 23. Qg4 Qd8 24. Be3 Rxa4 25. Nxa4 Ba7 26. Nc3 Qb8 27. Rb1
Rd8 28. b4 Nxb4 29. Be4 c5 30. Nd5 Nxd5 31. Rxb8 Nxe3+ 32. fxe3 Bxb8 33. Bd5
cxd4 34. Qxd4 Rf8 35. Qe4 1-0

[Event "Gibtelecom Masters 2nd"]
[Site "Gibraltar"]
[Date "2004.02.01"]
[Round "6.5"]
[White "Kunte, Abhijit"]
[Black "Sulskis, Sarunas"]
[Result "1-0"]
[WhiteElo "2512"]
[BlackElo "2582"]
[PlyCount "145"]
[EventDate "2004.01.27"]
[EventType "swiss"]
[EventRounds "10"]
[EventCountry "GGB"]
[SourceTitle "BritBase"]
[Source "www.saund.co.uk"]
[SourceDate "2018.02.10"]
[SourceVersion "1"]
[SourceVersionDate "2018.02.10"]
[SourceQuality "1"]

1. Nf3 d6 2. g3 e5 3. Bg2 e4 4. Nd4 Nf6 5. d3 d5 6. O-O exd3 7. cxd3 Bc5 8. Nb3
Bb6 9. a4 c6 10. Bf4 a5 11. e4 dxe4 12. dxe4 Qxd1 13. Rxd1 Na6 14. Na3 Ng4 15.
Rd2 Nxf2 16. Rxf2 Be6 17. Nd2 Nb4 18. Nac4 Bxf2+ 19. Kxf2 O-O 20. Bf1 f6 21.
Bc7 f5 22. Bd6 Rf7 23. e5 f4 24. Be2 Nc2 25. Rc1 Nd4 26. Bd3 b5 27. Nb6 Rd8 28.
gxf4 Rxf4+ 29. Ke3 Rh4 30. Be4 Nf5+ 31. Bxf5 Bxf5 32. Rxc6 bxa4 33. Nd5 Rh3+
34. Kf4 Be6 35. Ne3 Rxh2 36. Nf3 Rxb2 37. Be7 a3 38. Bxa3 Rb3 39. Rxe6 Rxa3 40.
Rc6 Rb3 41. e6 a4 42. Ne5 a3 43. Ra6 h6 44. Ke4 Re8 45. N3c4 a2 46. Kd5 Rd8+
47. Kc5 Re8 48. Kd6 Rb7 49. Nc6 Rb1 50. Rxa2 Rc1 51. Ne7+ Kh7 52. Ne5 Rd8+ 53.
Nd7 h5 54. Nd5 Kh6 55. e7 Re8 56. Ke6 Rd1 57. Re2 h4 58. Nc7 Rxe7+ 59. Kxe7 h3
60. Re3 Rh1 61. Ne6 Kh5 62. Ne5 Kh4 63. Nf4 g5 64. Nfg6+ Kh5 65. Rf3 Kh6 66.
Kf6 Kh7 67. Ng4 Kg8 68. Kxg5 Kg7 69. Nf4 Kf7 70. Nxh3+ Ke6 71. Nf4+ Kd6 72.
Rd3+ Kc5 73. Kf5 1-0

[Event "Gibtelecom Masters 2nd"]
[Site "Gibraltar"]
[Date "2004.02.01"]
[Round "6.8"]
[White "Bakre, Tejas"]
[Black "Lalic, Bogdan"]
[Result "1/2-1/2"]
[WhiteElo "2446"]
[BlackElo "2518"]
[PlyCount "26"]
[EventDate "2004.01.27"]
[EventType "swiss"]
[EventRounds "10"]
[EventCountry "GGB"]
[SourceTitle "BritBase"]
[Source "www.saund.co.uk"]
[SourceDate "2018.02.10"]
[SourceVersion "1"]
[SourceVersionDate "2018.02.10"]
[SourceQuality "1"]

1. e4 e6 2. d4 d5 3. Nc3 Nf6 4. Bg5 dxe4 5. Nxe4 Be7 6. Nxf6+ Bxf6 7. Bxf6 Qxf6
8. Nf3 Nd7 9. Bd3 c5 10. c3 O-O 11. O-O cxd4 12. Nxd4 e5 13. Nb3 Rd8 1/2-1/2

[Event "Gibtelecom Masters 2nd"]
[Site "Gibraltar"]
[Date "2004.02.01"]
[Round "6.9"]
[White "Beshukov, Sergei"]
[Black "Wippermann, Till"]
[Result "1-0"]
[WhiteElo "2499"]
[BlackElo "2353"]
[PlyCount "81"]
[EventDate "2004.01.27"]
[EventType "swiss"]
[EventRounds "10"]
[EventCountry "GGB"]
[SourceTitle "BritBase"]
[Source "www.saund.co.uk"]
[SourceDate "2018.02.10"]
[SourceVersion "1"]
[SourceVersionDate "2018.02.10"]
[SourceQuality "1"]

1. e4 c5 2. Nf3 g6 3. d4 Bg7 4. d5 d6 5. Nc3 Nf6 6. Be2 O-O 7. O-O e6 8. a4
exd5 9. exd5 Na6 10. Nd2 Nb4 11. Nc4 b6 12. Bf3 Bf5 13. Ne3 Bc8 14. Nb5 Ne8 15.
c3 Na6 16. Nc4 Nac7 17. Re1 Ba6 18. Nca3 Nxb5 19. Nxb5 Nc7 20. Bg5 f6 21. Nxc7
Qxc7 22. Bf4 Rad8 23. h4 Bc8 24. Re3 Rfe8 25. Qe2 Rxe3 26. Qxe3 Bf8 27. c4 a5
28. Qc3 Kf7 29. Re1 Bd7 30. Bd1 Re8 31. Rxe8 Bxe8 32. Bc2 Qe7 33. Kf1 f5 34.
Bg5 Qd7 35. Qf6+ Kg8 36. Qd8 Qf7 37. Qxb6 Qg7 38. Qd8 Qxb2 39. Qxe8 Qxc2 40.
Qe6+ Kg7 41. Bf6+ 1-0

[Event "Gibtelecom Masters 2nd"]
[Site "Gibraltar"]
[Date "2004.02.01"]
[Round "6.11"]
[White "Vasilevich, Tatjana"]
[Black "Kuzmin, Alexey"]
[Result "1-0"]
[WhiteElo "2393"]
[BlackElo "2570"]
[PlyCount "93"]
[EventDate "2004.01.27"]
[EventType "swiss"]
[EventRounds "10"]
[EventCountry "GGB"]
[SourceTitle "BritBase"]
[Source "www.saund.co.uk"]
[SourceDate "2018.02.10"]
[SourceVersion "1"]
[SourceVersionDate "2018.02.10"]
[SourceQuality "1"]

1. d4 Nf6 2. c4 g6 3. Nc3 Bg7 4. e4 d6 5. f3 O-O 6. Be3 a6 7. Nge2 Nc6 8. Qd2
Rb8 9. Rc1 Bd7 10. Nd1 e5 11. d5 Ne7 12. Nf2 Ne8 13. g3 c5 14. Bg2 b5 15. b4
cxb4 16. c5 dxc5 17. Bxc5 a5 18. O-O Bc8 19. d6 Nc6 20. d7 Bxd7 21. Rfd1 Nd4
22. Nxd4 exd4 23. f4 Be6 24. e5 f6 25. Bxf8 Kxf8 26. Rc6 Bc4 27. Ng4 fxe5 28.
Nxe5 Bxe5 29. fxe5 Kg8 30. Bh3 d3 31. Qf4 g5 32. Qe3 Qe7 33. Ra6 Nc7 34. Ra7
Ra8 35. Rxa8+ Nxa8 36. Rd2 Nc7 37. Bf5 Nd5 38. Qd4 Nc3 39. Bxd3 Bxa2 40. Qb6 a4
41. Bc2 Bb3 42. Qd6 Qxd6 43. exd6 Kf7 44. Kf2 Bd5 45. g4 Ke8 46. d7+ Kd8 47.
Bf5 1-0

[Event "Gibtelecom Masters 2nd"]
[Site "Gibraltar"]
[Date "2004.02.01"]
[Round "6.12"]
[White "Barua, Dibyendu"]
[Black "Bellon Lopez, Juan Manuel"]
[Result "1/2-1/2"]
[WhiteElo "2549"]
[BlackElo "2429"]
[PlyCount "102"]
[EventDate "2004.01.27"]
[EventType "swiss"]
[EventRounds "10"]
[EventCountry "GGB"]
[SourceTitle "BritBase"]
[Source "www.saund.co.uk"]
[SourceDate "2018.02.10"]
[SourceVersion "1"]
[SourceVersionDate "2018.02.10"]
[SourceQuality "1"]

1. e4 c5 2. Nf3 Nc6 3. d4 cxd4 4. Nxd4 Nf6 5. Nc3 e6 6. Ndb5 Bc5 7. Bf4 O-O 8.
Bc7 Qe7 9. Bd6 Bxd6 10. Qxd6 Ne8 11. Qxe7 Nxe7 12. O-O-O f5 13. e5 Ng6 14. Re1
a6 15. Nd4 b5 16. h4 Bb7 17. h5 Ne7 18. a3 Rc8 19. Rh3 Nc7 20. f4 Ncd5 21. Nxd5
Bxd5 22. a4 bxa4 23. Ra3 Rc5 24. Rxa4 a5 25. Re3 Be4 26. Rea3 Nc6 27. c3 Nxd4
28. Rxd4 Bc6 29. g3 Rb8 30. Kc2 Kf7 31. b3 Ke7 32. Be2 Be4+ 33. Kd2 Bd5 34. c4
Bc6 35. Kc3 Ra8 36. Rd6 Be4 37. Rb6 Rc7 38. Kd4 Bc6 39. Ra1 Rcc8 40. c5 Kd8 41.
Ba6 Rcb8 42. Rxb8+ Rxb8 43. Bc4 a4 44. bxa4 Rb4 45. Kc3 Rxa4 46. Rxa4 Bxa4 47.
Be2 Kc7 48. Kd4 Bc6 49. g4 Be4 50. Bd1 h6 51. g5 Bd5 1/2-1/2

[Event "Gibtelecom Masters 2nd"]
[Site "Gibraltar"]
[Date "2004.02.01"]
[Round "6.13"]
[White "Womacka, Mathias"]
[Black "Motwani, Paul"]
[Result "1/2-1/2"]
[WhiteElo "2447"]
[BlackElo "2537"]
[PlyCount "37"]
[EventDate "2004.01.27"]
[EventType "swiss"]
[EventRounds "10"]
[EventCountry "GGB"]
[SourceTitle "BritBase"]
[Source "www.saund.co.uk"]
[SourceDate "2018.02.10"]
[SourceVersion "1"]
[SourceVersionDate "2018.02.10"]
[SourceQuality "1"]

1. e4 g6 2. d4 Bg7 3. Nc3 c6 4. f4 d5 5. e5 Nh6 6. Nf3 f6 7. Bd3 O-O 8. O-O Bg4
9. Ne2 Nd7 10. h3 Bxf3 11. Rxf3 e6 12. Be3 Qe7 13. c3 fxe5 14. dxe5 Nf5 15.
Bxf5 Rxf5 16. Qb3 Nc5 17. Qa3 Bf8 18. Raf1 Rf7 19. Bxc5 1/2-1/2

[Event "Gibtelecom Masters 2nd"]
[Site "Gibraltar"]
[Date "2004.02.01"]
[Round "6.14"]
[White "Gallagher, Joseph G"]
[Black "Vijayalakshmi, Subbaraman"]
[Result "1-0"]
[WhiteElo "2524"]
[BlackElo "2444"]
[PlyCount "65"]
[EventDate "2004.01.27"]
[EventType "swiss"]
[EventRounds "10"]
[EventCountry "GGB"]
[SourceTitle "BritBase"]
[Source "www.saund.co.uk"]
[SourceDate "2018.02.10"]
[SourceVersion "1"]
[SourceVersionDate "2018.02.10"]
[SourceQuality "1"]

1. e4 e5 2. Nf3 Nc6 3. Bb5 a6 4. Ba4 Nf6 5. O-O Be7 6. Re1 b5 7. Bb3 d6 8. c3
O-O 9. d4 Bg4 10. Be3 Na5 11. dxe5 Bxf3 12. Qxf3 dxe5 13. Bc2 Nc4 14. Bc1 Qc8
15. h3 c5 16. b3 Nd6 17. Nd2 b4 18. Bb2 Nb5 19. cxb4 Nd4 20. Qd3 Nh5 21. bxc5
Nf4 22. Qc4 Bxc5 23. Bd1 Bb4 24. Qxb4 Nd3 25. Qa5 Nxb2 26. Bg4 Qc6 27. Rac1 Qb5
28. Qc3 h5 29. Bxh5 Nd3 30. a4 Rac8 31. Qxc8 Qa5 32. Bxf7+ Kxf7 33. Qc4+ 1-0

[Event "Gibtelecom Masters 2nd"]
[Site "Gibraltar"]
[Date "2004.02.01"]
[Round "6.15"]
[White "Howell, David"]
[Black "Vuckovic, Bojan"]
[Result "1/2-1/2"]
[WhiteElo "2304"]
[BlackElo "2511"]
[PlyCount "69"]
[EventDate "2004.01.27"]
[EventType "swiss"]
[EventRounds "10"]
[EventCountry "GGB"]
[SourceTitle "BritBase"]
[Source "www.saund.co.uk"]
[SourceDate "2018.02.10"]
[SourceVersion "1"]
[SourceVersionDate "2018.02.10"]
[SourceQuality "1"]

1. e4 c5 2. c3 d5 3. exd5 Qxd5 4. d4 Nf6 5. Nf3 Bg4 6. Be2 e6 7. h3 Bh5 8. c4
Qd8 9. Nc3 cxd4 10. Nxd4 Bxe2 11. Qa4+ Nbd7 12. Ndxe2 Be7 13. O-O O-O 14. Qc2
a6 15. b3 Rc8 16. Qd3 Qa5 17. Bd2 Nc5 18. Qf3 Rcd8 19. Rad1 Rd7 20. Nd5 Qd8 21.
Nxe7+ Kh8 22. Nd5 exd5 23. Bb4 dxc4 24. Rxd7 Nfxd7 25. Qd5 Re8 26. Ng3 Nd3 27.
Bc3 N7e5 28. Qxb7 Qc8 29. Qxc8 Rxc8 30. Rb1 h6 31. Kf1 cxb3 32. Rxb3 Nc1 33.
Ra3 Rd8 34. Kg1 Rd3 35. Kh2 1/2-1/2

[Event "Gibtelecom Masters 2nd"]
[Site "Gibraltar"]
[Date "2004.02.01"]
[Round "6.16"]
[White "Chandler, Murray"]
[Black "McNab, Colin"]
[Result "1/2-1/2"]
[WhiteElo "2508"]
[BlackElo "2388"]
[PlyCount "106"]
[EventDate "2004.01.27"]
[EventType "swiss"]
[EventRounds "10"]
[EventCountry "GGB"]
[SourceTitle "BritBase"]
[Source "www.saund.co.uk"]
[SourceDate "2018.02.10"]
[SourceVersion "1"]
[SourceVersionDate "2018.02.10"]
[SourceQuality "1"]

1. e4 d6 2. d4 Nf6 3. Nc3 g6 4. f4 Bg7 5. Nf3 O-O 6. Be3 b6 7. Qd2 Bb7 8. e5
Ng4 9. O-O-O c5 10. dxc5 Qc8 11. cxd6 exd6 12. Nb5 dxe5 13. Nd6 Qc7 14. Nxe5
Nxe5 15. fxe5 Nc6 16. Nxb7 Qxb7 17. e6 Rad8 18. Qe1 Rxd1+ 19. Qxd1 fxe6 20. Bc4
Qe7 21. Qg4 Rf5 22. Qe4 Ne5 23. Bb3 h5 24. Kb1 Kh7 25. Bc1 Rf2 26. a3 Qf6 27.
Re1 b5 28. h4 Qf5 29. Qxf5 exf5 30. Bd5 f4 31. b3 Bf6 32. a4 bxa4 33. bxa4 a5
34. Re4 f3 35. gxf3 Rf1 36. f4 Nf3 37. Re2 Nd4 38. Rh2 Re1 39. Rh1 Rxh1 40.
Bxh1 Ne2 41. Bd2 Nc3+ 42. Bxc3 Bxc3 43. Kc1 Be1 44. Be4 Bxh4 45. Kd2 Kg7 46.
Ke3 g5 47. fxg5 Bxg5+ 48. Kd4 Bf6+ 49. Kd5 Bc3 50. Kc4 Be1 51. Kd4 Kf6 52. c4
Ke6 53. c5 Kd7 1/2-1/2

[Event "Gibtelecom Masters 2nd"]
[Site "Gibraltar"]
[Date "2004.02.01"]
[Round "6.17"]
[White "Swathi, Ghate"]
[Black "Davies, Nigel"]
[Result "0-1"]
[WhiteElo "2297"]
[BlackElo "2502"]
[PlyCount "68"]
[EventDate "2004.01.27"]
[EventType "swiss"]
[EventRounds "10"]
[EventCountry "GGB"]
[SourceTitle "BritBase"]
[Source "www.saund.co.uk"]
[SourceDate "2018.02.10"]
[SourceVersion "1"]
[SourceVersionDate "2018.02.10"]
[SourceQuality "1"]

1. e4 e5 2. Nf3 Nc6 3. Bb5 a6 4. Ba4 Nf6 5. O-O Be7 6. Re1 b5 7. Bb3 d6 8. c3
O-O 9. d4 Bg4 10. Be3 exd4 11. cxd4 Na5 12. Bc2 c5 13. h3 Bh5 14. Nbd2 cxd4 15.
Bxd4 Nc6 16. Nb3 Qd7 17. Bxf6 Bxf3 18. Qxf3 Bxf6 19. Rad1 Qc7 20. Bb1 Bxb2 21.
Qd3 Be5 22. f4 Bxf4 23. e5 g6 24. exd6 Qb6+ 25. Kh1 Rad8 26. d7 Bb8 27. Qd5 Qc7
28. Kg1 Ne5 29. Nc5 Nc4 30. Ne4 Qh2+ 31. Kf2 Ba7+ 32. Ke2 Qxg2+ 33. Kd3 Qxh3+
34. Kc2 Qh2+ 0-1

[Event "Gibtelecom Masters 2nd"]
[Site "Gibraltar"]
[Date "2004.02.01"]
[Round "6.19"]
[White "Cramling, Pia"]
[Black "Arakhamia-Grant, Ketevan"]
[Result "1/2-1/2"]
[WhiteElo "2488"]
[BlackElo "2435"]
[PlyCount "129"]
[EventDate "2004.01.27"]
[EventType "swiss"]
[EventRounds "10"]
[EventCountry "GGB"]
[SourceTitle "BritBase"]
[Source "www.saund.co.uk"]
[SourceDate "2018.02.10"]
[SourceVersion "1"]
[SourceVersionDate "2018.02.10"]
[SourceQuality "1"]

1. d4 Nf6 2. Nf3 g6 3. c4 c5 4. Nc3 cxd4 5. Nxd4 Bg7 6. e4 d6 7. Be2 O-O 8. O-O
Nc6 9. Be3 Bd7 10. Nb3 Ne5 11. h3 Rc8 12. c5 Bc6 13. Qb1 dxc5 14. Nxc5 b6 15.
Nb3 Bb7 16. Nd2 Nc6 17. Rd1 Qc7 18. a3 Rfd8 19. Qa2 e6 20. Nc4 Ba6 21. Bf1 b5
22. Nd2 Qb8 23. Nb3 Ne5 24. Rxd8+ Rxd8 25. Re1 Nfd7 26. Nd4 Nc5 27. Rd1 Qb7 28.
Qb1 Rb8 29. Ndxb5 Bxb5 30. Bxb5 Qc7 31. Qc2 a6 32. Bf1 Qc6 33. Nd5 exd5 34.
exd5 Qa4 35. Qxa4 Nxa4 36. b4 Nc3 37. Rd2 Nb1 38. Ra2 Nc3 39. Rd2 Nd7 40. Bxa6
Ra8 41. b5 Bf8 42. d6 Ne4 43. Rd4 Nec5 44. Rc4 Bxd6 45. Rd4 Bf8 46. Bb7 Rxa3
47. Bc6 Ra1+ 48. Kh2 Rb1 49. Bxd7 Nxd7 50. Rxd7 Rxb5 51. Rd8 g5 52. Bd4 f5 53.
Bf6 Kf7 54. Bxg5 Bg7 55. Bf4 Be5 56. Bxe5 Rxe5 57. Kg3 h5 58. Rd6 Kg7 59. Kf3
Ra5 60. g3 Ra4 61. Rb6 Rc4 62. Re6 Ra4 63. Rd6 Rb4 64. Ke3 Re4+ 65. Kd2 1/2-1/2